| 000 | 00506nam a2200157 4500 | ||
|---|---|---|---|
| 999 |
_c5303 _d5303 |
||
| 008 | 161019b xxu||||| |||| 00| 0 eng d | ||
| 022 | _a9770118389007 | ||
| 082 | _aDPer 641.05 F73 Mar-Nov 2012 | ||
| 100 |
_916434 _aMagsalin, Camille Nadine |
||
| 245 |
_aJapanese modern meets traditional at Mangetsu/ _cCamille Nadine Magsalin. |
||
| 260 |
_aQuezon City: _bABS CBN Publishing, Inc., _c©2012. |
||
| 300 |
_apage 34; _c30 cm. |
||
| 500 | _aFood. | ||
| 650 | 0 |
_916435 _aRestaurants |
|
| 942 |
_2ddc _cPER |
||